书目信息 |
| 题名: |
西顿野生动物故事精选
|
|
| 作者: | 西顿 著 ;侯强 , 王琤 编译 | |
| 分册: | 上 | |
| 出版信息: | 北京 北京大学出版社 2010.01 |
|
| 页数: | 168页 | |
| 开本: | 23cm | |
| 丛书名: | 我的第一本博物学名著 | |
| 单 册: | ||
| 中图分类: | I711.85 | |
| 科图分类: | ||
| 主题词: | 儿童文学--er tong wen xue--故事--加拿大--现代--选集 | |
| 电子资源: | ||
| ISBN: | 978-7-301-16539-3 | |
| 000 | 00909nam 2200253 450 | |
| 001 | CAL 012010067538 | |
| 005 | 20111231104635.37 | |
| 010 | @a978-7-301-16539-3@dCNY20.00 | |
| 100 | @a20100107d2010 em y0chiy50 ea | |
| 101 | 1 | @achi@ceng |
| 102 | @aCN@b110000 | |
| 105 | @aacf z 000fy | |
| 200 | 1 | @a西顿野生动物故事精选@Axi dun ye sheng dong wu gu shi jing xuan@h上@f(加) E.T.西顿著@g侯强, 王琤编译 |
| 210 | @a北京@c北京大学出版社@d2010.01 | |
| 215 | @a168页@c图 (部分彩图), 肖像@d23cm | |
| 225 | 2 | @a我的第一本博物学名著@Awo de di yi ben bo wu xue ming zhu |
| 410 | 0 | @12001 @a我的第一本博物学名著 |
| 606 | 0 | @a儿童文学@Aer tong wen xue@x故事@y加拿大@z现代@j选集 |
| 690 | @aI711.85@v4 | |
| 701 | 1 | @a西顿@Axi dun@g(Seton, Ernest Thompson),@f1860-1946@4著 |
| 702 | 0 | @a侯强@Ahou qiang@4编译 |
| 702 | 0 | @a王琤@Awang cheng@4编译 |
| 801 | 0 | @aCN@bZZRC@c20111231 |
| 905 | @aZUCC@dI711.85@eX065@f3 | |
| 西顿野生动物故事精选.上/(加) E.T.西顿著/侯强, 王琤编译.-北京:北京大学出版社,2010.01 |
| 168页:图 (部分彩图), 肖像;23cm.-(我的第一本博物学名著) |
| ISBN 978-7-301-16539-3:CNY20.00 |
| ● |
| 相关链接 |
|
|
|
正题名:西顿野生动物故事精选
索取号:I711.85/X065
 
预约/预借
| 序号 | 登录号 | 条形码 | 馆藏地/架位号 | 状态 | 备注 |
| 1 | 1193642 | 211936422 | 社科二线400B/400B社科库 4排4列2层/ [索取号:I711.85/X065] | 在馆 | |
| 2 | 1193643 | 211936431 | 社科二线422/116文学库 25排2列6层/ [索取号:I711.85/X065] | 在馆 | |
| 3 | 1193644 | 211936440 | 文学库116/116文学库 25排2列6层/ [索取号:I711.85/X065] | 在馆 |